PDC Darts Tour Card Holder 2025 - Statistiken

Allgemein
  • Dieses Quiz wurde 246 mal gespielt
  • Das Durchschnittsergebnis liegt bei 83 aus 128
Antwortstatistiken
Platz Name Nationalität % Korrekt
2 Luke Littler England
98%
3 Michael van Gerwen Niederlande
98%
12 Gerwyn Price Wales
97%
1 Luke Humphries England
97%
13 Peter Wright Schottland
97%
7 Damon Heta Australien
95%
24 Gian van Veen Niederlande
95%
22 Martin Schindler Deutschland
95%
17 Michael Smith England
95%
18 Ross Smith England
95%
92 Brett Clayton England
94%
15 Gary Anderson Schottland
94%
5 Jonny Clayton Wales
94%
37 Gabriel Clemens Deutschland
93%
16 Josh Rock Nordirland
93%
4 Rob Cross England
93%
20 Dimitri van den Bergh Belgien
92%
8 Nathan Aspinall England
92%
14 Danny Noppert Niederlande
91%
6 Stephen Bunting England
91%
9 Chris Dobey England
90%
25 Daryl Gurney Niederlande
90%
31 Krzysztof Ratajski Polen
90%
30 Ricardo Pietreczko Deutschland
90%
21 Mike De Decker Belgien
89%
11 James Wade England
88%
34 Brendan Dolan Nordirland
87%
53 Florian Hempel Deutschland
86%
63 Mensur Suljovic Österreich
86%
48 William O'Connor Irland
86%
47 Kim Huybrechts Belgien
85%
112 Max Hopp Deutschland
85%
35 Raymond van Barneveld Niederlande
85%
65 Thibault Tricole Frankreich
85%
10 Dave Chisnall England
84%
29 Dirk van Duijvenbode Niederlande
84%
44 Madars Razma Lettland
82%
45 Jose de Sousa Portugal
80%
110 Rusty-Jake-Rodriguez Österreich
80%
94 Niko Springer Deutschland
79%
39 Cameron Menzies Schottland
78%
59 Jeffrey de Graaf Schweden
78%
23 Joe Cullen England
78%
51 Keane Barry Irland
78%
28 Ritchie Edhouse England
78%
32 Luke Woodhouse England
77%
19 Ryan Searle England
77%
27 Andrew Gilding England
76%
54 Matt Campbell Kanada
76%
76 Lukas Wenig Deutschland
75%
33 Jermaine Wattimena Niederlande
74%
116 Cor Dekker Norwegen
73%
113 Kai Gotthardt Deutschland
73%
102 Karel Sedlacek Tschechien
73%
88 Benjamin Drue Reus Dänemark
72%
115 Dominik Grüllich Deutschland
72%
42 Mickey Mansell Nordirland
72%
56 Alan Soutar Schottland
71%
55 Jim Williams Wales
71%
36 Scott Williams England
71%
126 Leon Weber Deutschland
70%
100 Michele Turetta Italien
70%
114 Jules van Dongen USA
69%
49 Wessel Nijman Niederlande
69%
41 Kevin Doets Niederlande
68%
79 Danny Lauby USA
67%
90 Haupai Puha Neuseeland
67%
38 Martin Lukeman England
66%
124 Maximilian Czerwinski Deutschland
66%
26 Ryan Joyce England
66%
40 Callan Rydz England
65%
73 Radek Szaganski Polen
65%
57 Rob Owen Wales
65%
93 Sebastian Bialecki Polen
64%
61 Dylan Slevin Irland
63%
46 Niels Zonneveld Niederlande
63%
118 Oskar Lukasiak Schweden
63%
69 Mario Vandenbogaerde Belgien
62%
43 Ricky Evans England
61%
86 William Borland Schottland
61%
103 Tim Wolters Deutschland
59%
99 Bradley Brooks England
58%
50 Richard Veenstra Niederlande
58%
127 Pero Ljubic Kroatien
57%
111 Jim Long Kanada
56%
58 Nick Kenny Wales
56%
125 Viktor Tingstrom Schweden
55%
52 Ian White England
53%
64 Ryan Meikle England
52%
75 Steve Lennon Irland
52%
70 Andy Baetens Belgien
49%
78 Nathan Rafferty Nordirland
49%
71 Rhys Griffin Wales
49%
122 Tytus Kanik Polen
49%
60 Connor Scutt England
46%
66 Dom Taylor England
46%
117 Wesley Plaisier Niederlande
45%
62 Stephen Burton England
44%
82 Jelle Klaasen Niederlande
43%
68 Chris Landman Niederlande
42%
81 Darren Beveridge Schottland
42%
67 James Hurrell England
42%
91 Adam Lipscombe England
41%
84 Owen Bates England
39%
83 Adam Hunt England
38%
120 Stefaan Henderyck Belgien
38%
128 Dennie Olde Kalter Niederlande
35%
108 Maik Kuivenhoven Niederlande
35%
96 Cam Crabtree England
34%
104 Christian Kist Niederlande
34%
107 Greg Ritchie Schottland
34%
101 Justin Hood England
34%
106 Andy Boulton Schottland
33%
85 Martjin Dragt Niederlande
33%
72 Berry van Peer Niederlande
32%
80 Jitse van der Wal Niederlande
32%
74 Patrick Geeraets Niederlande
31%
105 Marvin van Velzen Niederlande
30%
77 Matthew Dennant England
30%
109 Tavis Dudeney England
30%
87 George Killington England
29%
121 Adam Warner England
27%
119 Tom Bissell England
27%
98 Joshua Richardson England
26%
97 Darryl Pilgrim England
25%
123 Adam Paxton England
23%
95 Thomas Lovely England
23%
89 Robert Grundy England
16%
Keine übereinstimmenden Quizze gefunden
Verteilung der Resultate
Anzahl Personen mit jedem Resultat
Perzentil nach korrekt beantworteten Fragen
Ihre Resultats-Entwicklung
Sie haben dieses Quiz noch nicht gespielt